000 00571nam a2200229Ia 4500
003 OSt
005 20221007102242.0
006 a|||||r|||| 00| 0
007 ta
008 221006b |||||||| |||| 00| 0 eng d
024 _a9,827
037 _cTextual
040 _aLCO
_cLCO
_beng
041 _2eng
_aeng
100 _aSirohi J.P.S. Au.
245 0 _aProfessional Ethics, Accountancy
250 _a2nd
260 _aAllahabad
_bLaw Agency Faridabad India
_c2003
300 _a462+40
942 _cTEXL
999 _c1179390
_d1179390